Statystyki dla Top lista 10 krajów z największą liczbą imigrantów

Kliknij tutaj aby rozwiązać quiz!

Ogólne statystyki

  • Ten quiz został rozwiązany 189 razy
  • Średni wynik to 8 z 10

Statystyki odpowiedzi

LiczbaKraj% Poprawnych
46.8 mlnStany Zjednoczone
96%
12 mlnNiemcy
94%
7.7 mlnFrancja
92%
11.9 mlnRosja
88%
5.8 mlnHiszpania
86%
7.8 mlnKanada
86%
8.5 mlnWielka Brytania
81%
6.7 mlnAustralia
65%
10.2 mlnArabia Saudyjska
38%
8 mlnZjednoczone Emiraty Arabskie
36%

Rozkład punktacji

Percentyl według liczby udzielonych odpowiedzi

Procent ludzi z każdym wynikiem

Twoja historia wyników

Nie rozwiązałeś tego quizu